000 00494nam a2200193Ia 4500
003 OSt
005 20220928144545.0
006 a|||||r|||| 00| 0
007 ta
008 220927b |||||||| |||| 00| 0 eng d
024 _a71813
037 _cTextual
040 _aSDCL
_cSDCL
_beng
041 _2eng
_aeng
082 _aSn1,N80
245 0 _aADVANCES IN psychology. V1 - ; 1980 -. This library has V15 - ; 1983 - .
942 _hSn1,N80
_cTEXL
_2CC
999 _c827938
_d827938